000 00523nam a2200217Ia 4500
003 OSt
005 20220918201828.0
006 a|||||r|||| 00| 0
007 ta
008 220917b |||||||| |||| 00| 0 eng d
024 _a96,783
037 _cTextual
040 _aARTS
_cARTS
_beng
041 _2eng
_aeng
082 _aV2;21wN00, L9
245 0 _aMountbatten
_b eighty years in pictures
260 _c1979
650 _aHISTORY
942 _hV2;21wN00, L9
_cTEXL
_2CC
999 _c220384
_d220384